Resolución de conflictos en pueblos mayas de Guatemala
Enregistré dans:
| Auteur principal: | |
|---|---|
| Format: | Livre |
| Langue: | espagnol |
| Publié: |
Madrid
Universidad Pontificia de Salamanca
2003
|
| Sujets: | |
| Tags: |
Ajouter un tag
Pas de tags, Soyez le premier à ajouter un tag!
|
MARC
| LEADER | 00000nam a2200000 a 4500 | ||
|---|---|---|---|
| 001 | UCK1937 | ||
| 003 | CL-VaPUC | ||
| 008 | 041210e20030000SP |||||||||||||||||spa|d | ||
| 082 | 0 | 4 | |a 303.69 |b BAR |2 21 |
| 100 | 0 | |a Barrera Santos, Russed Yesid |e author |9 489796 | |
| 245 | 1 | 0 | |a Resolución de conflictos en pueblos mayas de Guatemala |
| 300 | |a 62 p | ||
| 942 | |c BK | ||
| 945 | |d 20041210 00:00:00 |a cmena | ||
| 260 | |a Madrid |b Universidad Pontificia de Salamanca |c 2003 | ||
| 500 | |a Extracto de Tesis Doctoral presentada para la obtención del grado de Doctor en Ciencias Políticas | ||
| 650 | 7 | |a RESOLUCION DE CONFLCITOS |2 CL-VaPUC |9 489797 | |
| 650 | 0 | |a Conflictos sociales |9 372024 | |
| 650 | 0 | |a Grupos sociales |9 268887 | |
| 651 | 0 | |a Guatemala |9 258335 | |
| 583 | |a last modification |c 20041210 00:00:00 |k Rodrigo Vera | ||
| 999 | |c 311679 |d 311677 | ||
| 952 | |0 0 |1 0 |4 0 |6 303_690000000000000_BAR_2003 |7 0 |8 A |9 381225 |a BIBGIM |b BIBGIM |d 2019-11-21 |i 4084942 |o 303.69 BAR 2003 |p 4084942 |r 2025-01-15 |w 2019-11-21 |y BK |k SSL | ||